Getting to yes : negitiating an agreement without giving in

Bibliographic Details
Main Author: Fisher, Roger
Other Authors: Patton, Bruce, Ury, William
Format: Book
Language:English
Published: London : Business Books Limited 1991
Edition:Second edition
Subjects:

MARC

LEADER 00000cam a2200000 7i4500
001 0000027289
005 20170427.0
008 170206 -uk# eng
020 |a 071265528X 
040 |a INS 
090 0 0 |a BF637.N4   |b F58 1991 
100 1 |a Fisher, Roger 
245 1 0 |a Getting to yes :   |b negitiating an agreement without giving in   |c Roger Fisher and William Ury, edited by Bruce Patton 
250 |a Second edition 
264 1 |a London :   |b Business Books Limited   |c 1991 
300 |a x, 207 pages ;   |c 20 cm. 
336 |a text  |2 rda 
337 |a unmediated  |2 rda 
338 |a volume  |2 rda 
650 0 |a Negotiation 
700 1 |a Patton, Bruce 
700 1 |a Ury, William 
999 |a 0000024288   |b BOOK   |c Open Shelf   |e Default branch